Toldot Yiśraʼel bi-teḳufat ha-Bayit ha-sheni : (Record no. 32524)

MARC details
000 -LEADER
fixed length control field 00902cam a22002531 4500
001 - CONTROL NUMBER
control field he 67001496
003 - CONTROL NUMBER IDENTIFIER
control field DLC
005 - DATE AND TIME OF LATEST TRANSACTION
control field 20260227111448.0
008 - FIXED-LENGTH DATA ELEMENTS--GENERAL INFORMATION
fixed length control field 840829s1967 is ab b 000 0 heb
010 ## - LIBRARY OF CONGRESS CONTROL NUMBER
LC control number he 67001496
035 ## - SYSTEM CONTROL NUMBER
System control number (OCoLC)19186950
040 ## - CATALOGING SOURCE
Original cataloging agency DLC
Transcribing agency MH
Modifying agency CU
-- DLC
042 ## - AUTHENTICATION CODE
Authentication code premarc
050 00 - LIBRARY OF CONGRESS CALL NUMBER
Classification number DS118
Item number .R22
100 1# - MAIN ENTRY--PERSONAL NAME
Personal name Rappaport, Uriel,
Dates associated with a name 1935-
245 10 - TITLE STATEMENT
Title Toldot Yiśraʼel bi-teḳufat ha-Bayit ha-sheni :
Remainder of title sefer ʻezer le-talmide ha-kitot ha-ʻelyonot shel bet ha-sefer ha-tikhon...
260 ## - PUBLICATION, DISTRIBUTION, ETC.
Place of publication, distribution, etc. [Tel Aviv] :
Name of publisher, distributor, etc. ʻAmiḥai,
Date of publication, distribution, etc. [1967]
300 ## - PHYSICAL DESCRIPTION
Extent 258 p. :
Other physical details ill., maps ;
Dimensions 24 cm.
500 ## - GENERAL NOTE
General note Added t.p.: A history of Israel in the period of the Second Temple.
504 ## - BIBLIOGRAPHY, ETC. NOTE
Bibliography, etc. note Includes bibliographical references (p. 250-258).
650 #0 - SUBJECT ADDED ENTRY--TOPICAL TERM
Topical term or geographic name entry element Jews
General subdivision History
Chronological subdivision To 70 A.D.
740 0# - ADDED ENTRY--UNCONTROLLED RELATED/ANALYTICAL TITLE
Uncontrolled related/analytical title History of Israel in the period of the Second Temple.
752 ## - ADDED ENTRY--HIERARCHICAL PLACE NAME
Country or larger entity Israel
City Tel Aviv

No items available.

Powered by Koha